000 00626nam a2200229Ia 4500
001 5912
005 20240113233854.0
007 ta
008 050623s1969 g b000 u eng u
040 _aCotton College Assam
041 _aeng
082 _a821.4709
_bB 963 M
100 _aBush, Douglas .
245 0 _aMilton: Poetical Works /
_cDouglas Bush.
_hTextual Documents
260 _aOxford :
_bOxford Universsity Press ,
_c1969.
300 _axxxi, 570p. ;
504 _aIndex
653 _aEnglish-Poetry-Post Elezabethan period, Criticism
942 _2ddc
_cBK
999 _c5899
_d5899